| 000 | 00555nab a2200145Ia 4500 | ||
|---|---|---|---|
| 003 | ES-SlBCS | ||
| 005 | 20210601131238.0 | ||
| 008 | 140529s2000 xxu||||| |||| 00| 0 fre d | ||
| 041 | _afre | ||
| 100 | 1 |
_aVerstraeten, Johan _947774 |
|
| 245 | 0 | 0 |
_aDépasser la morale sectorielle: la contribution d'une éthique herméneutique et théologique _c Johan Verstraeten |
| 650 | 0 | 4 |
_aÉtica Hermenéutica _9155188 |
| 773 | 0 |
_tRevue D'ethique et de Théologie Morale Antes: le Supplement de la Vie Spirituelle _gnº. 213, 2000, págs. 83-104 _wRev458 |
|
| 942 | _cAR | ||
| 999 |
_c560008 _d560008 |
||